Advanced inorganic chemistry (Record no. 2836)

000 -LEADER
fixed length control field 00571nam a2200241u 4500
001 - CONTROL NUMBER
control field 2836
003 - CONTROL NUMBER IDENTIFIER
control field BD-DhUET
008 - FIXED-LENGTH DATA ELEMENTS--GENERAL INFORMATION
fixed length control field 890901s1965 ii 000 0 eng
020 ## - INTERNATIONAL STANDARD BOOK NUMBER
International Standard Book Number 8121902630
040 ## - CATALOGING SOURCE
Original cataloging agency DLC
Transcribing agency DLC
Modifying agency BD-DhUET
082 ## - DEWEY DECIMAL CLASSIFICATION NUMBER
Classification number 546
Item number PRA/2000
100 ## - MAIN ENTRY--PERSONAL NAME
Personal name Prakash, Satya
245 00 - TITLE STATEMENT
Title Advanced inorganic chemistry
250 ## - EDITION STATEMENT
Edition statement 1st ed.
260 ## - PUBLICATION, DISTRIBUTION, ETC. (IMPRINT)
Place of publication, distribution, etc. New York
Name of publisher, distributor, etc. S. Chand
Date of publication, distribution, etc. 2000
300 ## - PHYSICAL DESCRIPTION
Extent xvi, 1157p.
Other physical details ill.
500 ## - GENERAL NOTE
General note Vol. I
650 #0 - SUBJECT ADDED ENTRY--TOPICAL TERM
Topical term or geographic name as entry element Chemistry
700 ## - ADDED ENTRY--PERSONAL NAME
Personal name Tuli, G. D.
700 ## - ADDED ENTRY--PERSONAL NAME
Personal name Basu, S. K.
700 ## - ADDED ENTRY--PERSONAL NAME
Personal name Madan, R. D.
942 ## - ADDED ENTRY ELEMENTS (KOHA)
Koha item type General Book
Holdings
Date acquired Koha date last seen Koha renewals Koha issues (times borrowed) Location (home branch) Koha date last borrowed Koha item type Copy number Damaged status Shelving location Price effective from Sublocation or collection (holding branch) Koha normalized classification for sorting Lost status Koha full call number Withdrawn status Piece designation (barcode) Source of classification or shelving scheme Not for loan
2014-10-122024-05-2625Central Library, BUET2024-04-27General Book1 Circulation section2014-10-12Central Library, BUET546_000000000000000_PRA_2000 546/PRA/2000 96435  
2014-11-092020-02-24112Central Library, BUET2020-02-23General Book2 Circulation section2014-11-09Central Library, BUET546PRA2000 546/PRA/2000 96433  
2015-06-162015-06-16  Central Library, BUET Reading Item3 Reading section2015-06-16Central Library, BUET546_000000000000000_PRA_2000 546/PRA/2000 96431  
2015-12-282019-09-01 6Central Library, BUET2019-08-24General Book4 Circulation section2015-12-28Central Library, BUET546_000000000000000_PRA_2000 546/PRA/2000 96434